Statistics for Random NBA Logo to Team

Click here to take the quiz!

General Stats

  • This quiz has been taken 49 times
  • The average score is 9 of 10

Answer Stats

Answer% Correct
Boston Celtics
100%
Charlotte Hornets
100%
Chicago Bulls
100%
Cleveland Cavaliers
100%
Denver Nuggets
100%
Houston Rockets
100%
Indiana Pacers
100%
Miami Heat
100%
Orlando Magic
100%
Toronto Raptors
100%
Sacramento Kings
94%
Utah Jazz
94%
Golden State Warriors
93%
Los Angeles Clippers
92%
Los Angeles Lakers
92%
Memphis Grizzlies
92%
San Antonio Spurs
92%
Portland Trail Blazers
91%
Atlanta Hawks
90%
Washington Wizards
90%
Phoenix Suns
89%
Detroit Pistons
88%
New York Knicks
85%
Dallas Mavericks
83%
Brooklyn Nets
82%
Milwaukee Bucks
80%
Minnesota Timberwolves
77%
Philadelphia 76ers
77%
Oklahoma City Thunder
73%
New Orleans Pelicans
70%

Score Distribution

Percentile by Number Answered

Percent of People with Each Score

Your Score History

You have not taken this quiz